Discursos leídos en la sesión de aniversario celebrada por la Sociedad Española de Hidrología Médica el día 4 de marzo de 1883 por el ... Dr. D. Benigno Villafranca y Alfaro y por el ... Dr. D. José María Bonilla y Carrasco. (Record no. 167556)

MARC details
000 -LEADER
campo de control de longitud fija 01210nam a22002175i 4500
001 - NÚMERO DE CONTROL
campo de control 167556
003 - IDENTIFICADOR DE NÚMERO DE CONTROL
campo de control ES-MaACL
005 - FECHA Y HORA DE LA ÚLTIMA TRANSACCIÓN
campo de control 20230906213541.0
008 - DATOS DE LONGITUD FIJA--INFORMACIÓN GENERAL
campo de control de longitud fija 050926s1883 sp | |||||||| ||spa d
040 ## - FUENTE DE CATALOGACIÓN
Centro catalogador/agencia de origen CAM
Lengua de catalogación spa
Centro/agencia transcriptor CAM
100 1# - ENTRADA PRINCIPAL--NOMBRE DE PERSONA
Nombre de persona Villafranca y Alfaro, Benigno.
9 (RLIN) 114922
245 10 - MENCIÓN DEL TÍTULO
Título Discursos leídos en la sesión de aniversario celebrada por la Sociedad Española de Hidrología Médica el día 4 de marzo de 1883 por el ... Dr. D. Benigno Villafranca y Alfaro y por el ... Dr. D. José María Bonilla y Carrasco.
260 ## - PUBLICACIÓN, DISTRIBUCIÓN, ETC.
Lugar de publicación, distribución, etc. Madrid :
Nombre del editor, distribuidor, etc. [s.n.],
Fecha de publicación, distribución, etc. 1883 (
Fabricante Establecimiento tipográfico de M. Minuesa)
300 ## - DESCRIPCIÓN FÍSICA
Extensión 53, [3] p. ;
Dimensiones 24 cm.
505 8# - NOTA DE CONTENIDO CON FORMATO
Nota de contenido con formato Resúmen de las tareas de la Sociedad Española de Hidrología Médica en el bienio de 1881 á 1883 / Benigno Villafranca y Alfaro: p. 3-17. El pasado y el presente de la hidrología médica / José María Bonilla: p. 21-53
610 24 - PUNTO DE ACCESO ADICIONAL DE MATERIA--NOMBRE DE ENTIDAD CORPORATIVA
Nombre de entidad corporativa o nombre de jurisdicción como elemento de entrada Sociedad Española de Hidrología Médica-
Subdivisión de forma Memorias y balances.
9 (RLIN) 134884
650 #4 - PUNTO DE ACCESO ADICIONAL DE MATERIA--TÉRMINO DE MATERIA
Término de materia o nombre geográfico como elemento de entrada Hidroterapia.
9 (RLIN) 13343
700 0# - ENTRADA AGREGADA--NOMBRE PERSONAL
Nombre de persona Bonilla y Carrasco, José María.
9 (RLIN) 30189
852 ## - LOCALIZACIÓN
Ubicación ES-MaACL
Número de control de estantería T-353-F-15
Nota libre -- Enc. hol., falto de la cub. original
-- -- Enc. en un vol. facticio
852 ## - LOCALIZACIÓN
Ubicación ES-MaACL
Número de control de estantería T-355-F-7
Holdings
Estatus retirado Estado de pérdida Estado de daño No para préstamo Colección Biblioteca de origen Biblioteca actual Ubicación en estantería Fecha de adquisición Total de préstamos Signatura topográfica completa Código de barras Visto por última vez Precio de reemplazo Tipo de ítem Koha Fuente de adquisición
        Colección de folletos Biblioteca del Ateneo de Madrid Biblioteca del Ateneo de Madrid Depósito folletos 17/01/2008   T-353-F-15 1175784 23/02/2023 23/02/2023 Folleto  
        Colección de folletos Biblioteca del Ateneo de Madrid Biblioteca del Ateneo de Madrid Depósito folletos 07/05/2005   T-355-F-7 1201862 23/02/2023 23/02/2023 Folleto